| 000 | 01074ncm a22003017a 4500 | ||
|---|---|---|---|
| 005 | 20260322212039.0 | ||
| 008 | data | ||
| 010 | _a 98706685 | ||
| 028 | 2 | 2 |
_a04000623 _bH. Leonard Corp. |
| 040 |
_aDLC _cDLC |
||
| 050 | 0 | 0 |
_aM1258 _b.S |
| 099 | _aDVD 817 | ||
| 100 | 1 | _aHanks, Tom. | |
| 245 | 1 | 0 |
_aThat thing you do!. _cTom Hanks ... [et al.]. |
| 260 |
_aBeverly Hills, CA ; _bTwentieth Century Fox Home Entertainment, _cc1996. |
||
| 300 |
_a1 videodisc (105 min.) ; _c31 cm. _bsd., col. ;; 4 3/4 in. |
||
| 500 | _aOriginally produced as motion picture in 1996./ Participants: Tom Everett Scott, Liv Tyler, Jonathon Schaech, Steve Zahn, Ethan Embry, Tom Hanks./ Audience: Rated PG. | ||
| 520 | 3 | _aThe overnight triumph of an American rock band in the glory days of rock & roll. | |
| 650 | 0 | _aComedy films | |
| 650 | 0 | _aFeature films | |
| 700 | 1 |
_aScott, Tom Everett _d1970- |
|
| 700 | 1 | _aTyler, Liv | |
| 700 | 1 | _aSchaech, Johnathon | |
| 700 | 1 | _aZahn, Steve | |
| 700 | 1 |
_aEmbry, Ethan _d1978- |
|
| 710 | 2 | _aTwentieth Century-Fox Film Corporation. | |
| 001 | data | ||
| 999 |
_c910 _d910 |
||